Manejo de cuencas hidrográficas abastecedoras de acueductos municipales (Registro nro. 3785)

Detalles MARC
000 -CABECERA
Campo de control 00843cam a2200193 a 4500
005 - FECHA Y HORA DE LA ULTIMA TRANSACCION
Campo de control 20180320111939.0
008 - ELEMENTOS DE LONGITUD FIJA—INFORMACION GENERAL
Campo de control 990426s19900000ck a gr f000 0 spa d
040 ## - FUENTE DE CATALOGACIÓN
Agencia catalogadora original CO-BoPUJ
Agencia transcriptora CO-BoIAVH
Agencia Modificadora CO-BoIAVH
041 0# - IDIOMA
Código de idioma para texto/pista de sonido o título separado Español
044 ## - PAÍS DE PUBLICACIÓN
País de publicación Colombia
090 ## - CLASIFICACIÓN LOCAL
Colección IND-I
Consecutivo 92
110 2# - ASIENTO PRINCIPAL--NOMBRE CORPORATIVO
Nombre corporativo o de jurisdicción como elemento de entrada Colombia
Unidad subordinad Ministerio de Agricultura
-- Instituto Nacional de los Recursos Naturales Renovables y del Ambiente
9 (RLIN) 90573
245 10 - MENCION DE TITULO
Título Manejo de cuencas hidrográficas abastecedoras de acueductos municipales
Mención de responsabilidad Instituto Nacional de los Recursos Naturales Renovables y del Ambiente, Campana Municipio Verde, Ministerio de Agricultura
260 ## - PUBLICACION, DISTRIBUCION, ETC. (PIE DE IMPRENTA)
Lugar de publicación, distribución, etc. Bogotá :
Nombre del editor, distribuidor, etc. Inderena,
Fecha de publicación, distribución, etc. 1990.
300 ## - DESCRIPCION FISICA
Extensión 26 páginas :
Otros detalles físicos ilustraciones ;
Dimensiones 28 x 22 cm.
650 26 - ASIENTO SECUNDARIO DE MATERIA - TERMINO TEMATICO
Término temático o nombre geográfico como elemento de entrada Cuencas hidrográficas
Subdivisión geográfica Colombia
9 (RLIN) 90574
650 24 - ASIENTO SECUNDARIO DE MATERIA - TERMINO TEMATICO
Término temático o nombre geográfico como elemento de entrada Abastecimiento de agua
Subdivisión general Acueducto
Subdivisión geográfica Colombia
9 (RLIN) 90575
942 ## - ELEMENTOS ADICIONALES (KOHA)
Sistema de clasificación Local
Tipo de ítem Libro
Existencias
Withdrawn status Lost status Sistema de Clasificación Damaged status No para préstamo Colección Ubicación Permanente Ubicación actual Fecha de adquisición Fuente de Valor Total Checkouts Número topográfico Inventario / Código de Barras Date last seen Ejemplar Price effective from Forma de adquisición Tipo de material
    Local     General Bogotá Bogotá 29/03/2004 Instituto   IND-I-92 015703 04/12/2012 Ej. 1 04/12/2012 Donación Informe Técnico